Dekonsentrasi management di perusahaan² negara, (Record no. 88796)
[ view plain ]
| 000 -LEADER | |
|---|---|
| fixed length control field | 00924cam a22002411 4500 |
| 001 - CONTROL NUMBER | |
| control field | sa 68019057 |
| 003 - CONTROL NUMBER IDENTIFIER | |
| control field | DLC |
| 005 - DATE AND TIME OF LATEST TRANSACTION | |
| control field | 20260227112716.0 |
| 008 - FIXED-LENGTH DATA ELEMENTS--GENERAL INFORMATION | |
| fixed length control field | 750204||||| io 000 0 ind |
| 010 ## - LIBRARY OF CONGRESS CONTROL NUMBER | |
| LC control number | sa 68019057 |
| 035 ## - SYSTEM CONTROL NUMBER | |
| System control number | (OCoLC)1160637 |
| 040 ## - CATALOGING SOURCE | |
| Original cataloging agency | DLC |
| Transcribing agency | OAU |
| Modifying agency | DLC |
| 050 00 - LIBRARY OF CONGRESS CALL NUMBER | |
| Classification number | HD4303 |
| Item number | .S34 |
| 100 1# - MAIN ENTRY--PERSONAL NAME | |
| Personal name | Sadli, Mohammad. |
| 245 10 - TITLE STATEMENT | |
| Title | Dekonsentrasi management di perusahaan² negara, |
| Statement of responsibility, etc. | disusun oleh M. Sadli. |
| 260 ## - PUBLICATION, DISTRIBUTION, ETC. | |
| Place of publication, distribution, etc. | Djakarta, Lembaga Ekonomi dan Kemasjarakatan Nasional, 1965. |
| 300 ## - PHYSICAL DESCRIPTION | |
| Extent | iii, 47 p. |
| Dimensions | 28 cm. |
| 500 ## - GENERAL NOTE | |
| General note | "Penerbitan ulangan." |
| 500 ## - GENERAL NOTE | |
| General note | "Laporan ini adalah workshop kedua jang diadakan oleh Lembaga Ekonomi dan Kemasjarakatan Nasional ...pada tanggal 12 dan 18 Djuli 1963." |
| 650 #0 - SUBJECT ADDED ENTRY--TOPICAL TERM | |
| Topical term or geographic name entry element | Government business enterprises |
| Geographic subdivision | Indonesia. |
| 650 #0 - SUBJECT ADDED ENTRY--TOPICAL TERM | |
| Topical term or geographic name entry element | Decentralization in management |
| Geographic subdivision | Indonesia. |
| 710 1# - ADDED ENTRY--CORPORATE NAME | |
| Corporate name or jurisdiction name as entry element | Jakarta (Indonesia). |
| Subordinate unit | Lembaga Ekonomi dan Kemasjarakatan Nasional. |
No items available.